000 01061nam a22002657a 4500
003 AR-BeUNQ
005 20241204145147.0
008 241204b ||| frtbisu00| e spa d
020 _a9789876300490
040 _aAR-BeUNQ
_bspa
_cAR-BeUNQ
_eaacr
082 _221
_a330 FOR
100 _aForcinito, Karina
_ccoaut.
_d1968
245 _aReestructuración neoliberal y después...:
_b1983-2008 25 años de economía argentina
_cKarina Forcinito Gaspar Tolón Estarelles.
_hlibro
250 _a1a.ed
260 _aLos Polvorines :
_bUniversidad de General Sarmiento,
_c2009
300 _a112 p. ;
_c20cm
490 _aColección "25 años, 25 libros";
_v24
500 _aLa descripción y el análisis de las particularidades que asumió nuestra economía durante los últimos 25 años. Economía Argentina
600 _aEconomia
_d1983-2008
650 _2spines
_aEconomía Argentina
651 _2unescot
_aArgentina
700 _aTolón Estarelles, Gaspar
_dcoaut.
929 _aDONACION
_bBiblioteca Nacional
_c0
_d0
_e2022
_fPAT0082273
_j60548
942 _cLIB
999 _c1132
_d1132